| 000 | 01813nam a2200241Ia 4500 | ||
|---|---|---|---|
| 008 | 260220t1997||||xx |||||||||||||| ||spa|| | ||
| 040 |
_aPY-SlUNAC _bspa _erda |
||
| 041 | _aspa | ||
| 082 |
_a720 _bB839a |
||
| 100 |
_aBruyn, Gerd de _eAutor |
||
| 245 | 0 |
_aArquitectura contemporánea en Alemania 1970-1996 : _b50 construcciones / _cpor Gerd de Bruyn [Autor] |
|
| 264 |
_aBonn : _bInter Nationes, _c℗1997. |
||
| 300 | _a1 volumen | ||
| 520 | _aEl libro "Arquitectura contemporánea en Alemania 1970-1996" de Gerd de Bruyn presenta un análisis exhaustivo de 50 edificaciones emblemáticas que reflejan la evolución del paisaje arquitectónico alemán en un periodo crucial de su historia. A lo largo de sus páginas, Bruyn examina no solo las características estilísticas y funcionales de las obras seleccionadas, sino también su contexto social, político y cultural. La obra destaca la influencia de movimientos arquitectónicos como el posmodernismo y el neofuncionalismo, así como la integración de nuevos materiales y tecnologías. Cada construcción es acompañada de ilustraciones y fotografías que permiten apreciar la diversidad de enfoques y soluciones arquitectónicas adoptadas en este periodo. Bruyn también aborda la importancia del patrimonio arquitectónico y los retos que enfrenta la arquitectura contemporánea en Alemania, ofreciendo una visión crítica y reflexiva sobre el papel de la arquitectura en la sociedad moderna. Este libro es una valiosa contribución para estudiantes, profesionales y amantes de la arquitectura. | ||
| 651 | _aAlemania | ||
| 653 | _aArquitectura | ||
| 653 | _aConstrucción | ||
| 942 |
_b2026/02/17 _cBK |
||
| 999 |
_c8858 _d8858 |
||